| 000 | 01644cam a2200409 a 4500 | ||
|---|---|---|---|
| 999 |
_c13363 _d13363 |
||
| 001 | 12787991 | ||
| 003 | MAJU-Karachi | ||
| 005 | 20220720110418.0 | ||
| 008 | 020524r20021972enk b 001 0 eng | ||
| 010 | _a 2002067999 | ||
| 020 | _a0415287529 | ||
| 020 | _a0415287537 (pbk.) | ||
| 035 | _a(OCoLC)ocm50022902 | ||
| 040 |
_aDLC _cDLC _dC#P _dNLGGC _dBAKER _dDLC |
||
| 041 | 1 |
_aeng _hfre |
|
| 050 | 0 | 0 |
_aB2430.F723 _bA7313 2002 |
| 082 | 0 | 0 |
_a001.2 _221 _b10432 |
| 084 |
_a001.2 _2ddc |
||
| 100 | 1 |
_aFoucault, Michel, _d1926-1984. |
|
| 240 | 1 | 0 |
_aArchéologie du savoir. _lEnglish |
| 245 | 1 | 0 |
_aArchaeology of knowledge / _cMichel Foucault ; translated by A.M. Sheridan Smith. |
| 260 |
_aLondon ; _aNew York : _bRoutledge, _c2002. |
||
| 300 |
_avi, 239 p. ; _c21 cm. |
||
| 440 | 0 | _aRoutledge classics | |
| 500 | _aEnglish ed. originally published: London : Tavistock Publications, 1972. | ||
| 500 | _aTranslation of: Archéologie du savoir. | ||
| 504 | _aIncludes bibliographical references and index. | ||
| 650 | 0 | _aKnowledge, Sociology of. | |
| 650 | 0 | _aPower (Social sciences) | |
| 650 | 0 | _aDiscourse analysis. | |
| 856 | 4 | 1 |
_3Table of contents only _uhttp://www.loc.gov/catdir/toc/fy0614/2002067999.html |
| 856 | 4 | 2 |
_3Publisher description _uhttp://www.loc.gov/catdir/enhancements/fy0650/2002067999-d.html |
| 856 | 4 | 2 |
_3Contributor biographical information _uhttp://www.loc.gov/catdir/enhancements/fy1113/2002067999-b.html |
| 906 |
_a7 _bcbc _corignew _d1 _eocip _f20 _gy-gencatlg |
||
| 942 |
_2ddc _cBK |
||